Score 0/7 Timer 01:00
0 Plays Today
Type of Program Program % Correct
Word ProcessingWord
99.3%
SpreadsheetExcel
98.1%
Slide Show/PresentationPowerPoint
95.3%
E-Mail and CalendarOutlook and Entourage
84.7%
Designing handouts (primarily)Publisher
62%
Database ManagerAccess
55.1%
Note-takingOneNote
53.6%
Remove Ads.
Support Sporcle.
Get the best of Sporcle when you Go Orange. This ad-free experience offers more features, more stats, and more fun while also helping to support Sporcle. Thank you for becoming a member.

You're not logged in!

Compare scores with friends on all Sporcle quizzes.
OR
Log In

Show Comments

Extras

Top Quizzes Today


Score Distribution

Your Account Isn't Verified!

In order to create a playlist on Sporcle, you need to verify the email address you used during registration. Go to your Sporcle Settings to finish the process.

Report this User

Report this user for behavior that violates our Community Guidelines.

Details: